La gloria de Don Ramiro ; una vida en tiempos de Felipe Segundo.

Bibliographic Details
Main Author: Larreta, Enrique, 1875-1961
Format: Book
Language:Spanish
Published: Paris : Garnier Hermanos, [date of publication not identified]

MARC

Tag First Indicator Second Indicator Subfields
LEADER 00000cam a2200000I 4500
001 in00000022373
005 20151007063951.0
008 800703nuuuuuuuufr 000 1 spa d
035 |a (OCoLC)ocm06484624 
035 |a (OCoLC)06484624 
035 |9 AAD8725AM 
040 |a TXA  |c TXA  |d UtOrBLW 
049 |a TXAM 
050 4 |a PQ7797.L28  |b G6 
082 0 4 |a 863  |b L333g 
100 1 |a Larreta, Enrique,  |d 1875-1961. 
245 1 3 |a La gloria de Don Ramiro ;  |b una vida en tiempos de Felipe Segundo. 
264 1 |a Paris :  |b Garnier Hermanos,  |c [date of publication not identified] 
300 |a 406 pages ;  |c 20 cm. 
336 |a text  |b txt  |2 rdacontent 
337 |a unmediated  |b n  |2 rdamedia 
338 |a volume  |b nc  |2 rdacarrier 
994 |a C0  |b TXA 
999 |a MARS 
999 f f |s 57f21ac7-ec6a-36a4-aa87-be651fd8d84b  |i e6568774-c868-3891-962d-6eeee6339716  |t 0 
952 f f |p normal  |a Texas A&M University  |b College Station  |c Sterling C. Evans Library  |d Evans: Library Stacks  |t 0  |e PQ7797.L28 G6  |h Library of Congress classification  |i unmediated -- volume  |m A14801384608 
998 f f |a PQ7797.L28 G6  |t 0  |l Evans: Library Stacks